000 00464nam a2200193Ia 4500
005 20240913130006.0
008 240913s9999||||xx |||||||||||||| ||und||
020 _a81-85216-18-5
041 _aENGLISH
082 _A020.954 M7
100 _aVashishth C P
245 0 _aModernisation in Libraries
250 _a1st
260 _c1987
_bIndian Library Associ
500 _aREFERENCE
650 _aLibrary Science
_bGeneral
942 _cREF
999 _c246724
_d246724